00376nam a2200145Ia 4500003000400000005001700004008004100021040001800062041000800080100002800088110001800116245003800134260002000172710003800192OSt20260309112248.0211028s2011 xx 000 0 und d cAIMIT LIBRARY aeng aU Shafi; Thomas.g81729 aManimozhi, R. aAd server- statistical analysis / aBangalorec2011 aHeadstrong Services India Pvt Ltd